1620 1661 1426 1967 1066 1972 1376 1067 1271 1037 1273 1535 1290 1758 1784 1441 1566 1640 1952 1403 1557 1859 1714 1373 1006 1543 1298 1827 1854 1382 1499 1042 1925 1057 1289 1896 1837 1780 1679 1536 1563 1965 1157 1450 1377 1649 1656 1942 1375 1457 1460 1511 1106 1848 1444 1470 1463 1869 1227 1632 1151 1480 1974 1387 1420 1012 1196 1178 1815 1087 1410 1266 1993 1494 1454 1824 1407 1412 1725 1728 1643 1026 1265 1141 1231 1339 1786 1515 1742 1998 1135 1802 1125 1922 1012 1996 1391 1495 1227 BCNSPRNW ULIB Ver.6.0+V

เปลี่ยนเป็นภาษาไทย

Change to English
 แสดงรายละเอียดบรรณานุกรม
  กลับหน้าหลัก

Brief Record : Get Marc (ISO 2709) : E-mail record : QR code < ปิดหน้าต่าง
LEADER : 00000nam 2200000uu 4500
001    13399110111
003     ULIB
008    110421s2553||||th 000 0 tha d
020    9789741112585
060 04 WJ168^bว143ต 2553
110 1  มหาวิทยาลัยมหิดล. ^bคณะแพทยศาสตร์โรงพยาบาลรามาธิบดี.^bโครงการตำรารามาธิบดี.
245 00 ตำราผ่าตัดเล็กในศัลยศาสตร์ระบบปัสสาวะ /^cบรรณาธิการ,วชิร คชการ
260    กรุงเทพฯ :^bโครงการตำรารามาธิบดี คณะแพทยศาสตร์โรงพยาบาลรามาธิบดี มหาวิทยาลัยมหิดล,^c2553
300    198 หน้า :^bภาพประกอบ
650  7 ศัลยกรรมน้อย...
650  7 ปัสสาวะ,ระบบ^xศัลยกรรม
650  7 ศัลยกรรมหัตถการ
700 0  วชิร คชการ,^eบรรณาธิการ
945    ^p700^l0^i028148
945    ^p700^l0^i027917
945    ^p700^l0^i027916
945    ^p700^l0^i027915
945    ^p700^l0^i027914
945    ^p700^l0^i027918
945    ^p700^l0^i027913
995    ทศพร
999 ^a ใช้งานได้ทุกระบบ
รายการนี้ยังไม่มีแท็ก
คุณยังไม่ได้ล็อกอิน คุณสามารถมีกิจกรรมร่วมกับเว็บไซต์ได้ แต่ต้องล็อกอินก่อน ::
  ล็อกอิน

รายการสื่อสารสนเทศ

ลำดับที่ ประเภท เลขเรียก/บาร์โค้ด สถานที่ สถานะ
1. วิทยาศาสตร์การแพทย์ และสุขภาพ
หนังสือสำรอง
สถานะ=หนังสือสำรอง
WJ168 ว143ต 2553 ฉ.1 
  Barcode: 027913
ห้องสมุดวิทยาเขตสวรรค์ประชารักษ์
►ส่วนจัดเก็บหนังสือเก่า สปร
บนชั้น
  ขอยืม
2. วิทยาศาสตร์การแพทย์ และสุขภาพ
วิทยาศาสตร์การแพทย์ และสุขภาพ
WJ168 ว143ต 2553 ฉ.2 
  Barcode: 027914
ห้องสมุดวิทยาเขตสวรรค์ประชารักษ์
►ส่วนจัดเก็บหนังสือเก่า สปร
บนชั้น
  ขอยืม
3. วิทยาศาสตร์การแพทย์ และสุขภาพ
วิทยาศาสตร์การแพทย์ และสุขภาพ
WJ168 ว143ต 2553 ฉ.3 
  Barcode: 027915
ห้องสมุดวิทยาเขตสวรรค์ประชารักษ์
►ส่วนจัดเก็บหนังสือเก่า สปร
บนชั้น
  ขอยืม
4. วิทยาศาสตร์การแพทย์ และสุขภาพ
วิทยาศาสตร์การแพทย์ และสุขภาพ
WJ168 ว143ต 2553 ฉ.4 
  Barcode: 027916
ห้องสมุดวิทยาเขตสวรรค์ประชารักษ์
►ส่วนจัดเก็บหนังสือเก่า สปร
บนชั้น
  ขอยืม
5. วิทยาศาสตร์การแพทย์ และสุขภาพ
วิทยาศาสตร์การแพทย์ และสุขภาพ
WJ168 ว143ต 2553 ฉ.5 
  Barcode: 027917
ห้องสมุดวิทยาเขตสวรรค์ประชารักษ์
►ส่วนจัดเก็บหนังสือเก่า สปร
บนชั้น
  ขอยืม
6. วิทยาศาสตร์การแพทย์ และสุขภาพ
วิทยาศาสตร์การแพทย์ และสุขภาพ
WJ168 ว143ต 2553 ฉ.6 
  Barcode: 027918
ห้องสมุดวิทยาเขตสวรรค์ประชารักษ์
►ส่วนจัดเก็บหนังสือเก่า สปร
บนชั้น
  ขอยืม
7. วิทยาศาสตร์การแพทย์ และสุขภาพ
วิทยาศาสตร์การแพทย์ และสุขภาพ
WJ168 ว143ต 2553 ฉ.7 
  Barcode: 028148
ห้องสมุดวิทยาเขตสวรรค์ประชารักษ์
►ส่วนจัดเก็บหนังสือเก่า สปร
บนชั้น
  ขอยืม

รายการใกล้เคียง
    หัวเรื่อง [ศัลยกรรมน้อย...]
    หัวเรื่อง [ศัลยกรรมหัตถการ]

BibComment


ยังไม่เคยถูกคอมเมนท์

คอมเมนท์ทรัพยากรรายการนี้
  คอมเมนท์: ตำราผ่าตัดเล็กในศ..


 Copyright 2026. Bcnsprnw @Library